Figuras, formas, colores (Record no. 20594)

MARC details
000 -LEADER
campo de control de longitud fija 01508nmc a2200517 a 4500
003 - IDENTIFICADOR DE NÚMERO DE CONTROL
campo de control AR-BaBNM
005 - FECHA Y HORA DE LA ÚLTIMA TRANSACCIÓN
campo de control 20251128211643.0
008 - DATOS DE LONGITUD FIJA--INFORMACIÓN GENERAL
campo de control de longitud fija 185020s[200 ||||||||||||||000 | spa||
020 ## - NÚMERO INTERNACIONAL ESTÁNDAR DEL LIBRO
Número Internacional Estándar del Libro 980-251-116-1
040 ## - FUENTE DE CATALOGACIÓN
Centro/agencia transcriptor AR-BaBNM
245 10 - MENCIÓN DEL TÍTULO
Título Figuras, formas, colores
Resto del título propuestas para trabajar la educación plástica y visual
250 ## - MENCION DE EDICION
Mención de edición 1ª ed.
260 ## - PUBLICACIÓN, DISTRIBUCIÓN, ETC.
Lugar de publicación, distribución, etc. Caracas
Nombre del editor, distribuidor, etc. Laboratorio Educativo
Fecha de publicación, distribución, etc. [2002]
300 0# - DESCRIPCIÓN FÍSICA
Extensión 126 p.
490 #0 - MENCIÓN DE SERIE
Mención de serie Claves para la innovación educativa
Designación de volumen o secuencia 20
504 ## - NOTA DE BIBLIOGRAFÍA, ETC.
Nota de bibliografía, etc. Nota Incluye referencias bibliográficas al final de cada capítulo
650 #4 - PUNTO DE ACCESO ADICIONAL DE MATERIA--TÉRMINO DE MATERIA
Término de materia o nombre geográfico como elemento de entrada EDUCACION ARTISTICA
650 #4 - PUNTO DE ACCESO ADICIONAL DE MATERIA--TÉRMINO DE MATERIA
Término de materia o nombre geográfico como elemento de entrada ARTES PLASTICAS
650 #4 - PUNTO DE ACCESO ADICIONAL DE MATERIA--TÉRMINO DE MATERIA
Término de materia o nombre geográfico como elemento de entrada ARTES VISUALES
653 ## - TÉRMINO DE INDIZACIÓN--NO CONTROLADO
Término no controlado ESTRATEGIAS DIDACTICAS
653 ## - TÉRMINO DE INDIZACIÓN--NO CONTROLADO
Término no controlado EDUCACION INICIAL
653 ## - TÉRMINO DE INDIZACIÓN--NO CONTROLADO
Término no controlado EDUCACION PRIMARIA
653 ## - TÉRMINO DE INDIZACIÓN--NO CONTROLADO
Término no controlado EDUCACION SECUNDARIA
700 1# - ENTRADA AGREGADA--NOMBRE PERSONAL
Nombre de persona Badia, Marta
700 1# - ENTRADA AGREGADA--NOMBRE PERSONAL
Nombre de persona Berrrocal, Marta
700 1# - ENTRADA AGREGADA--NOMBRE PERSONAL
Nombre de persona Bieler, Heidi
700 1# - ENTRADA AGREGADA--NOMBRE PERSONAL
Nombre de persona Caja, Jordi
700 1# - ENTRADA AGREGADA--NOMBRE PERSONAL
Nombre de persona Casas, Lluisa
700 1# - ENTRADA AGREGADA--NOMBRE PERSONAL
Nombre de persona Fosati, Amparo
700 1# - ENTRADA AGREGADA--NOMBRE PERSONAL
Nombre de persona Ginestà, Albert
700 1# - ENTRADA AGREGADA--NOMBRE PERSONAL
Nombre de persona González Ramos, José M.
700 1# - ENTRADA AGREGADA--NOMBRE PERSONAL
Nombre de persona Hernández, Fernando
700 1# - ENTRADA AGREGADA--NOMBRE PERSONAL
Nombre de persona Huerta, Ricard
700 1# - ENTRADA AGREGADA--NOMBRE PERSONAL
Nombre de persona López García, Carmen
700 1# - ENTRADA AGREGADA--NOMBRE PERSONAL
Nombre de persona Maeso, Francisco
700 1# - ENTRADA AGREGADA--NOMBRE PERSONAL
Nombre de persona Marín, Ricardo
700 1# - ENTRADA AGREGADA--NOMBRE PERSONAL
Nombre de persona Martí, José J.
700 1# - ENTRADA AGREGADA--NOMBRE PERSONAL
Nombre de persona Martín-Artajo, Elena
700 1# - ENTRADA AGREGADA--NOMBRE PERSONAL
Nombre de persona Oliver, Dolors
700 1# - ENTRADA AGREGADA--NOMBRE PERSONAL
Nombre de persona Pérez Lloréns, Carola
700 1# - ENTRADA AGREGADA--NOMBRE PERSONAL
Nombre de persona Planella, Montserrat
700 1# - ENTRADA AGREGADA--NOMBRE PERSONAL
Nombre de persona Ribao, Daniel
700 1# - ENTRADA AGREGADA--NOMBRE PERSONAL
Nombre de persona Rodríguez, Dora
942 ## - ELEMENTOS DE ENTRADA SECUNDARIOS (KOHA)
Tipo de ítem Koha Libros
998 ## - INFORMACIÓN DE CONTROL LOCAL (RLIN)
Iniciales del catalogador, CIN (RLIN) calidad
Holdings
Estatus retirado Estado de pérdida Fuente de la clasificación o esquema de estantería Estado de daño No para préstamo Biblioteca de origen Biblioteca actual Fecha de adquisición Fuente de adquisición Total de préstamos Signatura topográfica completa Código de barras Visto por última vez Precio de reemplazo Tipo de ítem Koha
    Clasificación Decimal Dewey     Liberty Liberty 28/11/2025 C-BP-0002   372.87 BAD 136829 28/11/2025 28/11/2025 Libros
    Clasificación Decimal Dewey     Liberty Liberty 28/11/2025 C-BP-0002   372.87 BAD 136830 28/11/2025 28/11/2025 Libros